Networking security and standards

Business Fundamentals of security; Technical Fundamentals of Security; Security Architecture standard; Data Encryption standards; Key management standards; Digital signature standards; Sign - On authentication standard; Directory and certificate standards; Electronic mail standards...

Gorde:
Xehetasun bibliografikoak
Egile nagusia: Weidong Kou
Formatua: Liburua
Hizkuntza:Undetermined
Argitaratua: Boston Kluwer Academic 1997
Gaiak:
Etiketak: Etiketa erantsi
Etiketarik gabe, Izan zaitez lehena erregistro honi etiketa jartzen!
Thư viện lưu trữ: Trung tâm Học liệu Trường Đại học Cần Thơ
LEADER 00793nam a2200193Ia 4500
001 CTU_23286
008 210402s9999 xx 000 0 und d
082 |a 005.8 
082 |b K88 
100 |a Weidong Kou 
245 0 |a Networking security and standards 
245 0 |c Weidong Kou 
260 |a Boston 
260 |b Kluwer Academic 
260 |c 1997 
520 |a Business Fundamentals of security; Technical Fundamentals of Security; Security Architecture standard; Data Encryption standards; Key management standards; Digital signature standards; Sign - On authentication standard; Directory and certificate standards; Electronic mail standards... 
650 |a firewall,network security,standards 
904 |i Quyên,980521 
980 |a Trung tâm Học liệu Trường Đại học Cần Thơ